| 000 -ლიდერი |
| ფიქსირებული სიგრძის საკონტროლო ველი |
01288nam a22002177a 4500 |
| 003 - საკონტროლო ნომრის იდენტიფიკატორი |
| საკონტროლო ველი |
Ge_BSU |
| 005 - ბოლო ოპერაციის თარიღი და დრო |
| საკონტროლო ველი |
20240628100548.0 |
| 008 - ფიქსირებული სიგრძის მონაცემთა ელემენტები - ზოგადი ინფორმაცია |
| ფიქსირებული სიგრძის საკონტროლო ველი |
240628s1971 ge ||||| |||| 00| 0 geo d |
| 041 ## - ენის კოდი |
| Language code of text/sound track or separate title |
geo |
| 080 ## - უნივერსალური ათობითი კლასიფიკაციის ინდექსი |
| Universal Decimal Classification number |
615.8(479.22) კ-64 |
| 100 ## - მთავარი ჩანაწერი - პიროვნების სახელი |
| Personal name |
კობახიძე, ემილ |
| 9 (RLIN) |
22476 |
| 245 ## - ცნობა სათაურის შესახებ |
| Title |
საქართველოს სსრ საკურორტო მეურნეობა და ტურიზმი : ეკონ.-გეოგრაფ. ნარკვევი / |
| Statement of responsibility, etc |
ემილ კობახიძე; რედ. გ. გველესიანი; ვახუშტის სახ. გეოგრაფიის ინ-ტი. |
| 264 ## - წარმოების, გამოცემის, დისტრიბუციის და სხვა ცნობები |
| გამოცემის, წარმოების, დისტრიბუციის... ადგილი |
თბილისი : |
| გამოცემის, წარმოების, დისტრიბუციის... სახელწოდება |
მეცნიერება, |
| გამოცემის, წარმოების, დისტრიბუციის... თარიღი |
1971. |
| 300 ## - ფიზიკური აღწერა |
| Extent |
75 გვ. ; |
| Other physical details |
21 სმ. |
| 653 ## - INDEX TERM--UNCONTROLLED |
| Uncontrolled term |
კურორტები საქართველოში |
| 653 ## - INDEX TERM--UNCONTROLLED |
| Uncontrolled term |
ტურიზმი საქართველოში |
| 653 ## - INDEX TERM--UNCONTROLLED |
| Uncontrolled term |
საქართველოს ეკონომიური გეოგრაფია |
| 700 ## - ADDED ENTRY--PERSONAL NAME |
| Personal name |
გველესიანი, გ. |
| Relator term |
რედაქტორი |
| 9 (RLIN) |
2869 |
| 710 ## - ADDED ENTRY--CORPORATE NAME |
| Corporate name or jurisdiction name as entry element |
ვახუშტის სახ. გეოგრაფიის ინსტიტუტი |
| 9 (RLIN) |
22622 |
| 942 ## - ADDED ENTRY ELEMENTS (KOHA) |
| Source of classification or shelving scheme |
|
| Koha item type |
წიგნი |